Dove Cameron Songs - Statistics

General Stats
  • This quiz has been taken 76 times
    27 since last reset
  • The average score is 14 of 19
Answer Stats
Hint Answer % Correct
Alchemical Vol 1 Boyfriend
100%
Alchemical Vol 2 Hello My Old Lover
89%
Alchemical Vol 2 Romeo
89%
Alchemical Vol 1 Sand
89%
Alchemical Vol 2 Too Much
89%
Alchemical Vol 1 God's Game
83%
Alchemical Vol 1 Fragile Things
78%
Alchemical Vol 2 French Girls
78%
Alchemical Vol 2 Whatever You Like
78%
Alchemical Vol 1 White Glove
78%
Alchemical Vol 1 Lethal Woman
72%
Alchemical Vol 1 Still
72%
Single Bad Idea
67%
Alchemical Vol 1 Breakfast
67%
Single Other Boys
67%
Single We Go Down Together
67%
Single Taste Of You
61%
Single Girl Like Me
50%
Single Use Me (Brutal Hearts)
22%
No matching quizzes found
Score Distribution
Percent of People with Each Score
Percentile by Number Answered
Your Score History
You have not taken this quiz since the last reset